[Event "HUN-ch U20"]
[Site "Szolnok"]
[Date "2024.04.04"]
[Round "7"]
[White "Kiraly, Lilla Virag"]
[Black "Buri, Petra Zsuzsanna"]
[Result "0-1"]
[WhiteElo "1923"]
[BlackElo "1972"]
[PlyCount "110"]
[EventDate "2024.03.31"]
[EventType "swiss"]
[EventRounds "9"]
[EventCountry "HUN"]
[SourceTitle "CB16_2024"]
[SourceDate "2024.04.17"]
[SourceVersion "1"]
[SourceVersionDate "2024.04.17"]
[SourceQuality "1"]

1. d4 Nf6 2. Bf4 g6 3. e3 Bg7 4. Nf3 0-0 5. h3 d6 6. Be2 b6 7. c4 Bb7 8. Bh2 Nbd7 9. Nc3 Re8 10. 0-0 e5 11. b4 Ne4 12. Nxe4 Bxe4 13. Rc1 Qe7 14. Nd2 Nf6 15. Nxe4 Nxe4 16. Bf3 exd4 17. exd4 Qh4 18. Rc2 Rad8 19. Kh1 Bxd4 20. Bg3 Qf6 21. Qd3 Nxg3+ 22. fxg3 Re3 23. Qd1 Qe5 24. Bd5 Kh8 25. Rcf2 f5 26. Rf4 c5 27. g4 Re8 28. gxf5 Qxf4 29. Rxf4 Re1+ 30. Rf1 Rxd1 31. Rxd1 gxf5 32. b5 Re2 33. a3 Re3 34. Rf1 f4 35. a4 Ra3 36. g3 fxg3 37. Rf8+ Kg7 38. Rg8+ Kf6 39. Kg2 Be5 40. h4 Kf5 41. Rf8+ Kg4 42. Bf3+ Kxh4 43. Rf5 Ra2+ 44. Kf1 g2+ 45. Bxg2 Rxa4 46. Bd5 Ra2 47. Rf7 h6 48. Bb7 Kg5 49. Ba6 Ra4 50. Rxa7 Rxc4 51. Rb7 h5 52. Rxb6 h4 53. Rb8 h3 54. Rg8+ Kf4 55. Bb7 Ke3 0-1

[Event "HUN-ch U20"]
[Site "Szolnok"]
[Date "2024.04.03"]
[Round "4"]
[White "Harkai, Emma"]
[Black "Kiraly, Lilla Virag"]
[Result "1/2-1/2"]
[WhiteElo "1918"]
[BlackElo "1923"]
[PlyCount "113"]
[EventDate "2024.03.31"]
[EventType "swiss"]
[EventRounds "9"]
[EventCountry "HUN"]
[SourceTitle "CB16_2024"]
[SourceDate "2024.04.17"]
[SourceVersion "1"]
[SourceVersionDate "2024.04.17"]
[SourceQuality "1"]

1. e4 c5 2. Nc3 Nc6 3. Bb5 e6 4. Bxc6 bxc6 5. d3 d5 6. Nf3 Nf6 7. 0-0 Be7 8. Re1 0-0 9. b3 Ba6 10. Bg5 h6 11. Bh4 Re8 12. Bg3 c4 13. Ne5 Rc8 14. Na4 Bb5 15. Nc3 Bb4 16. Nxb5 Bxe1 17. Nxf7 Bxf2+ 18. Kxf2 Qb6+ 19. Ke1 Qg1+ 20. Kd2 Qxg2+ 21. Qe2 Qxe2+ 22. Kxe2 cxb5 23. Nd6 cxd3+ 24. cxd3 dxe4 25. dxe4 Red8 26. Nxc8 Rxc8 27. Kd3 Kf7 28. Rf1 Kg6 29. Rg1 Kh7 30. Be5 Rd8+ 31. Ke3 Ne8 32. Rf1 Kg8 33. Bd4 Rd7 34. Bc5 Nf6 35. h3 Rc7 36. Bd4 Nd7 37. e5 Nf8 38. b4 Ng6 39. Rg1 Kh7 40. a3 Ne7 41. Bc5 Nf5+ 42. Ke4 a5 43. Rd1 axb4 44. axb4 Kg6 45. Rd8 Kh5 46. Re8 Rc6 47. Rxe6 Rxe6 48. Kxf5 Re8 49. e6 Kh4 50. e7 Kh5 51. Ke6 Kg6 52. h4 h5 53. Bb6 Rh8 54. Bc7 Re8 55. Bb6 Rh8 56. Bc7 Re8 57. Bb6 1/2-1/2

[Event "Wch U16 Girls"]
[Site "Montesilvano"]
[Date "2023.11.22"]
[Round "9"]
[White "Nurmanova, Alua"]
[Black "Kiraly, Lilla Virag"]
[Result "1-0"]
[WhiteElo "2367"]
[BlackElo "1765"]
[PlyCount "85"]
[EventDate "2023.11.13"]
[EventType "swiss"]
[EventRounds "11"]
[EventCountry "ITA"]
[SourceTitle "CB48_2023"]
[SourceDate "2023.11.29"]
[SourceVersion "1"]
[SourceVersionDate "2023.11.29"]
[SourceQuality "1"]

1. e4 c5 2. Nf3 d6 3. d4 cxd4 4. Nxd4 Nf6 5. Nc3 Nc6 6. Bg5 e6 7. Qd2 Be7 8. 0-0-0 0-0 9. f3 Nxd4 10. Qxd4 Qa5 11. Qd2 a6 12. Kb1 Qc7 13. g4 Rd8 14. h4 b5 15. Bd3 Bb7 16. Qh2 Rac8 17. Ne2 d5 18. e5 Ne8 19. Nd4 Rd7 20. Bxe7 Rxe7 21. g5 Qc5 22. h5 b4 23. Qf4 a5 24. g6 f5 25. exf6 Nxf6 26. gxh7+ Nxh7 27. h6 g5 28. Bxh7+ Kxh7 29. Qxg5 Rg8 30. Qe5 Qc7 31. Qxc7 Rxc7 32. Nxe6 Rf7 33. f4 d4 34. Ng5+ Rxg5 35. fxg5 Bxh1 36. Rxh1 Kg6 37. h7 Rxh7 38. Rxh7 Kxh7 39. Kc1 Kg6 40. Kd2 Kxg5 41. Kd3 a4 42. Kxd4 a3 43. b3 1-0

[Event "Wch U16 Girls"]
[Site "Montesilvano"]
[Date "2023.11.17"]
[Round "5"]
[White "Kiraly, Lilla Virag"]
[Black "Tejaswini, G."]
[Result "0-1"]
[WhiteElo "1765"]
[BlackElo "1956"]
[PlyCount "98"]
[EventDate "2023.11.13"]
[EventType "swiss"]
[EventRounds "11"]
[EventCountry "ITA"]
[SourceTitle "CB48_2023"]
[SourceDate "2023.11.29"]
[SourceVersion "1"]
[SourceVersionDate "2023.11.29"]
[SourceQuality "1"]

1. d4 Nf6 2. Bf4 g6 3. Nf3 Bg7 4. e3 0-0 5. Be2 d5 6. 0-0 c5 7. Nc3 cxd4 8. exd4 Nc6 9. h3 Ne4 10. Bh2 Bf5 11. Nb1 Qb6 12. Nc3 Qxb2 13. Nxd5 Nc3 14. Nxc3 Qxc3 15. Bd3 Nxd4 16. Nxd4 Bxd3 17. Qxd3 Qxd3 18. cxd3 Bxd4 19. Rab1 b6 20. Rfe1 e6 21. Re4 Rfd8 22. Rd1 Rac8 23. Re2 Rc5 24. Bf4 Rcd5 25. Be3 Bc3 26. d4 Bxd4 27. Bxd4 Rxd4 28. Rxd4 Rxd4 29. Rc2 Ra4 30. Kf1 Kg7 31. g3 f5 32. Ke2 Kf6 33. h4 Ke5 34. Ke3 Ra3+ 35. Ke2 Ra5 36. Ke3 Rc5 37. Rb2 b5 38. Rb3 a5 39. Ra3 b4 40. Ra4 Rc3+ 41. Kd2 Ra3 42. Rxa3 bxa3 43. f4+ Ke4 44. Ke2 e5 45. fxe5 Kxe5 46. Ke3 h6 47. Kf3 Kd4 48. Kf4 Kc3 49. h5 gxh5 0-1

[Event "Bratislava exe op"]
[Site "Bratislava"]
[Date "2023.09.18"]
[Round "4"]
[White "Kiraly, Lilla Virag"]
[Black "Salgovic, Simon"]
[Result "0-1"]
[WhiteElo "1832"]
[BlackElo "2161"]
[PlyCount "78"]
[EventDate "2023.09.15"]
[EventType "swiss"]
[EventRounds "9"]
[EventCountry "SVK"]
[SourceTitle "EXT 2024"]
[Source "ChessBase"]
[SourceDate "2023.10.10"]
[SourceVersion "1"]
[SourceVersionDate "2023.10.10"]
[SourceQuality "1"]

1. e4 c5 2. Nf3 Nc6 3. d4 cxd4 4. Nxd4 Nf6 5. Nc3 e5 6. Ndb5 d6 7. Bg5 a6 8. Na3 b5 9. Bxf6 gxf6 10. Nd5 f5 11. g3 fxe4 12. Bg2 Bg7 13. Bxe4 0-0 14. Ne3 Qd7 15. Qh5 f5 16. Nxf5 Rxf5 17. Bxf5 Qxf5 18. Qe8+ Qf8 19. Qxc6 Bg4 20. 0-0 Bf3 21. Qd7 Qf6 22. Rae1 Rd8 23. Qh3 Bh6 24. c3 Qg6 25. Nc2 Bd2 26. Ne3 Bxe1 27. Rxe1 Rf8 28. Qd7 Rf7 29. Qc8+ Kg7 30. Qxa6 Qd3 31. Qc8 Qd2 32. Rf1 Qd3 33. Qe6 Be2 34. Ra1 Qe4 35. Qd5 Qg6 36. Qd2 Bf3 37. b3 Qh5 38. a4 Rf6 39. Qd3 Qxh2+ 0-1

[Event "HUN-chT U18"]
[Site "Budapest"]
[Date "2019.10.28"]
[Round "4.6"]
[White "Kis, Izabella"]
[Black "Kiraly, Lilla Virag"]
[Result "0-1"]
[WhiteElo "1523"]
[BlackElo "1450"]
[PlyCount "131"]
[EventDate "2019.10.26"]
[EventType "team-swiss"]
[EventRounds "7"]
[EventCountry "HUN"]
[SourceTitle "CBM 192 Extra"]
[Source "Chessbase"]
[SourceDate "2019.11.06"]
[SourceVersion "1"]
[SourceVersionDate "2019.11.06"]
[SourceQuality "1"]
[WhiteTeam "Meritum Egyesuelet"]
[BlackTeam "Miskolc Kisbocsok"]
[WhiteTeamCountry "HUN"]
[BlackTeamCountry "HUN"]

1. e4 c6 2. d4 d5 3. Nc3 dxe4 4. Nxe4 Bf5 5. Ng3 Bg6 6. Nf3 Nd7 7. Bd3 Bxd3 8. Qxd3 e6 9. 0-0 Ngf6 10. Be3 Bd6 11. Ne4 Nxe4 12. Qxe4 Nf6 13. Qd3 0-0 14. Rfe1 Qc7 15. h3 Rfd8 16. c3 h6 17. Rad1 Qa5 18. Ra1 c5 19. Qc2 cxd4 20. Bxd4 Be7 21. Ne5 Qc7 22. Qe2 Bc5 23. Nf3 Bxd4 24. Nxd4 a6 25. Nb3 Rd5 26. Rad1 Rad8 27. Rd4 Rxd4 28. Nxd4 Qc5 29. Qe3 Qd5 30. b3 Qa5 31. Ra1 Nd5 32. Qd2 Qxc3 33. Qxc3 Nxc3 34. Nf3 g6 35. Kf1 Rd7 36. Ke1 Kg7 37. a3 Nb5 38. a4 Nc3 39. Rc1 Nd5 40. Ke2 Nf4+ 41. Kf1 Rd3 42. Rb1 Kf6 43. Ne1 Rc3 44. f3 Re3 45. Rb2 Rc3 46. Kf2 Nd5 47. Nc2 Nf4 48. Ne1 Rc1 49. Ke3 g5 50. Nd3 Rc3 51. Ke4 Nxd3 52. Kd4 Nxb2 53. Kxc3 Nd1+ 54. Kd2 Nf2 55. Ke2 Nxh3 56. gxh3 Kf5 57. Ke3 Ke5 58. b4 b5 59. axb5 axb5 60. Kd3 f5 61. Ke3 h5 62. Kd3 g4 63. fxg4 fxg4 64. h4 Kf4 65. Ke2 g3 66. Kf1 0-1

[Event "EU-ch U12 Girls"]
[Site "Bratislava"]
[Date "2019.08.07"]
[Round "6"]
[White "Kiraly, Lilla Virag"]
[Black "Sen, Nehir"]
[Result "0-1"]
[WhiteElo "1560"]
[BlackElo "1287"]
[PlyCount "72"]
[EventDate "2019.08.02"]
[EventType "swiss"]
[EventRounds "9"]
[EventCountry "SVK"]
[SourceTitle "EXT 2020"]
[Source "ChessBase"]
[SourceDate "2019.10.17"]
[SourceVersion "1"]
[SourceVersionDate "2019.10.17"]
[SourceQuality "1"]

1. e4 g6 2. d4 Bg7 3. c3 d6 4. Bc4 Nf6 5. Qe2 e5 6. dxe5 dxe5 7. Nf3 Nbd7 8. 0-0 0-0 9. Rd1 Qe7 10. Nbd2 a6 11. b4 b5 12. Bb3 Bb7 13. Bb2 Ne8 14. a3 Nd6 15. Bc2 Nb6 16. Bb3 Rac8 17. Qe3 Nd7 18. a4 Ra8 19. h3 Nb6 20. axb5 axb5 21. Qe2 Rfd8 22. Kh1 Qe8 23. Qe3 Qc6 24. Bc2 Nbc4 25. Nxc4 Nxc4 26. Qc1 Rxd1+ 27. Bxd1 Qxe4 28. Rxa8+ Bxa8 29. Bc2 Qe2 30. Kg1 Bxf3 31. gxf3 Qxf3 32. Qd1 Qxh3 33. Qa1 Nxb2 34. Qxb2 e4 35. Bb3 Qxc3 36. Qa2 Qa1+ 0-1

[Event "EU-ch U12 Girls"]
[Site "Bratislava"]
[Date "2019.08.06"]
[Round "5"]
[White "Hudakova, Nina"]
[Black "Kiraly, Lilla Virag"]
[Result "0-1"]
[WhiteElo "1029"]
[BlackElo "1560"]
[PlyCount "60"]
[EventDate "2019.08.02"]
[EventType "swiss"]
[EventRounds "9"]
[EventCountry "SVK"]
[SourceTitle "EXT 2020"]
[Source "ChessBase"]
[SourceDate "2019.10.17"]
[SourceVersion "1"]
[SourceVersionDate "2019.10.17"]
[SourceQuality "1"]

1. e4 c6 2. Nc3 d5 3. Nf3 Bg4 4. h3 Bxf3 5. Qxf3 e6 6. exd5 cxd5 7. d4 Nc6 8. Be3 Qb6 9. Bb5 Bb4 10. Bxc6+ Qxc6 11. Bg5 Rc8 12. Bd2 Nf6 13. Qg3 0-0 14. 0-0 Bxc3 15. Bxc3 Ne4 16. Qg4 Nxc3 17. bxc3 Qxc3 18. Rac1 Rc4 19. Rfe1 Rxd4 20. Qg5 Rd2 21. Re3 Qb2 22. Rce1 Qxc2 23. Rg3 g6 24. h4 Rxf2 25. h5 Rf5 26. Qg4 Qf2+ 27. Kh2 Qxe1 28. hxg6 fxg6 29. Qh4 Rf1 30. Rg4 Rh1# 0-1

[Event "EU-ch U12 Girls"]
[Site "Bratislava"]
[Date "2019.08.04"]
[Round "3"]
[White "Grigorova, Asya"]
[Black "Kiraly, Lilla Virag"]
[Result "1-0"]
[WhiteElo "1183"]
[BlackElo "1560"]
[PlyCount "67"]
[EventDate "2019.08.02"]
[EventType "swiss"]
[EventRounds "9"]
[EventCountry "SVK"]
[SourceTitle "EXT 2020"]
[Source "ChessBase"]
[SourceDate "2019.10.17"]
[SourceVersion "1"]
[SourceVersionDate "2019.10.17"]
[SourceQuality "1"]

1. e4 c6 2. d4 d5 3. Nd2 dxe4 4. Nxe4 Bf5 5. Ng3 Bg6 6. h4 h6 7. Nf3 Nd7 8. h5 Bh7 9. Bd3 Bxd3 10. Qxd3 e6 11. Bd2 Ngf6 12. 0-0-0 Qc7 13. c3 Bd6 14. Ne4 Nxe4 15. Qxe4 Nf6 16. Qe2 0-0-0 17. Kb1 Rde8 18. Ne5 Re7 19. f4 Nd7 20. Qg4 Rg8 21. Rhe1 Nf6 22. Qh3 Kb8 23. g4 Nd7 24. Qh4 Rge8 25. Re2 c5 26. Rc1 f6 27. Ng6 Rf7 28. Qe1 e5 29. dxe5 fxe5 30. fxe5 Bxe5 31. Bf4 Rxf4 32. Nxf4 Rd8 33. Ne6 Bg3 34. Qf1 1-0

[Event "HUN-ch U12 Girls"]
[Site "Balatonlelle"]
[Date "2019.06.22"]
[Round "1"]
[White "Vidak, Boglarka"]
[Black "Kiraly, Lilla Virag"]
[Result "0-1"]
[WhiteElo "1248"]
[BlackElo "1557"]
[PlyCount "102"]
[EventDate "2019.06.22"]
[EventType "swiss"]
[EventRounds "7"]
[EventCountry "HUN"]
[SourceTitle "CBM 191 Extra"]
[Source "ChessBase"]
[SourceDate "2019.09.30"]
[SourceVersion "1"]
[SourceVersionDate "2019.09.30"]
[SourceQuality "1"]

1. e4 c6 2. Nc3 d5 3. Nf3 Bg4 4. h3 Bxf3 5. Qxf3 e6 6. d4 Nf6 7. e5 Nfd7 8. Qg3 Qb6 9. Ne2 c5 10. c3 Nc6 11. dxc5 Qxc5 12. Be3 Qb5 13. b3 Ncxe5 14. Nc1 Qa5 15. b4 Qc7 16. Bd4 f6 17. Be2 Rc8 18. Bb5 a6 19. Bxd7+ Nxd7 20. Qxc7 Rxc7 21. Ne2 Bd6 22. Rd1 Ne5 23. 0-0 Nc6 24. Be3 Ne7 25. a3 Be5 26. Bd4 Bxd4 27. Rxd4 Kf7 28. Rc1 Rhc8 29. Rd2 e5 30. Rcd1 Rd8 31. f3 Rcd7 32. g4 Nc6 33. Kf2 d4 34. Kf1 Ke6 35. cxd4 Nxd4 36. Nxd4+ Rxd4 37. Rxd4 exd4 38. Ke2 Ke5 39. Rd3 Kd5 40. Kd2 Kc4 41. Kc2 Re8 42. Kd2 g5 43. Kc2 Re3 44. Rd1 d3+ 45. Kd2 Re2+ 46. Kc1 Kc3 47. Kb1 d2 48. Ka2 Re1 49. Rxe1 dxe1Q 50. a4 Qd2+ 51. Kb1 Qe3 0-1

[Event "EU Union-ch U10"]
[Site "Kouty nad Desnou"]
[Date "2017.08.23"]
[Round "5"]
[White "Kiraly, Lilla Virag"]
[Black "Jurky, Marian"]
[Result "0-1"]
[WhiteElo "1241"]
[BlackElo "1146"]
[PlyCount "114"]
[EventDate "2017.08.19"]
[EventType "swiss"]
[EventRounds "9"]
[EventCountry "CZE"]
[SourceTitle "CBM 180 Extra"]
[Source "ChessBase"]
[SourceDate "2017.10.06"]
[SourceVersion "1"]
[SourceVersionDate "2017.10.06"]
[SourceQuality "1"]

1. d4 Nf6 2. Nf3 g6 3. Bg5 Bg7 4. e3 Nc6 5. c3 0-0 6. Bd3 d6 7. Nbd2 Bg4 8. 0-0 e5 9. h3 Be6 10. Re1 exd4 11. exd4 Qd7 12. Bf1 Rfe8 13. Qc2 Bf5 14. Qb3 Na5 15. Qb4 Nc6 16. Qxb7 Rab8 17. Qa6 Rxb2 18. Bb5 Rxe1+ 19. Rxe1 Nb8 20. Bxd7 Nxa6 21. Bxf5 gxf5 22. Ra1 Ne4 23. Be3 Nxc3 24. a4 Ne2+ 25. Kf1 Nxd4 26. Nxd4 Bxd4 27. Bxd4 Rxd2 28. Bxa7 Kf8 29. Be3 Rc2 30. a5 Rb2 31. Re1 Rb8 32. Bh6+ Kg8 33. Re3 f6 34. Re7 c5 35. g3 Rc8 36. Ke1 Rc7 37. Rxc7 Nxc7 38. Kd2 Kf7 39. Kc3 d5 40. Bd2 Ke6 41. f4 h5 42. Kd3 Kd6 43. Kc3 Kc6 44. Be1 Kb5 45. Kb3 Ne6 46. Bc3 d4 47. Bd2 Nd8 48. Ka3 Nc6 49. Kb3 Nxa5+ 50. Bxa5 Kxa5 51. Kc4 Ka4 52. Kd3 Kb3 53. Kd2 c4 54. Kc1 Kc3 55. Kd1 Kb2 56. Kd2 c3+ 57. Kd3 c2 0-1

[Event "EU Union-ch U10"]
[Site "Kouty nad Desnou"]
[Date "2017.08.21"]
[Round "3"]
[White "Kanov, Nikola"]
[Black "Kiraly, Lilla Virag"]
[Result "1-0"]
[WhiteElo "1536"]
[BlackElo "1241"]
[PlyCount "59"]
[EventDate "2017.08.19"]
[EventType "swiss"]
[EventRounds "9"]
[EventCountry "CZE"]
[SourceTitle "CBM 180 Extra"]
[Source "ChessBase"]
[SourceDate "2017.10.06"]
[SourceVersion "1"]
[SourceVersionDate "2017.10.06"]
[SourceQuality "1"]

1. e4 c6 2. d4 d5 3. Nc3 dxe4 4. Nxe4 Nf6 5. Nxf6+ exf6 6. c3 Bd6 7. Bd3 Be6 8. Qc2 Nd7 9. Be3 Nf8 10. Ne2 Ng6 11. h4 Qd7 12. h5 Nf8 13. 0-0-0 0-0-0 14. b4 a6 15. a4 g6 16. Qb2 Qe7 17. Kc2 Qc7 18. Rb1 f5 19. b5 axb5 20. axb5 Bd5 21. bxc6 Bxc6 22. d5 Ba4+ 23. Kd2 Re8 24. Ra1 Qd7 25. Rhb1 b5 26. Rxa4 bxa4 27. Bb5 Qc7 28. Bxe8 a3 29. Qb5 Kd8 30. Bb6 1-0

[Event "EU Union-ch U10"]
[Site "Kouty nad Desnou"]
[Date "2017.08.20"]
[Round "2"]
[White "Kiraly, Lilla Virag"]
[Black "Janouskova, Adela"]
[Result "1-0"]
[WhiteElo "1241"]
[BlackElo "1131"]
[PlyCount "49"]
[EventDate "2017.08.19"]
[EventType "swiss"]
[EventRounds "9"]
[EventCountry "CZE"]
[SourceTitle "CBM 180 Extra"]
[Source "ChessBase"]
[SourceDate "2017.10.06"]
[SourceVersion "1"]
[SourceVersionDate "2017.10.06"]
[SourceQuality "1"]

1. d4 d5 2. Nf3 e6 3. e3 c6 4. Bd3 Nf6 5. Nbd2 Bd6 6. 0-0 0-0 7. e4 dxe4 8. Nxe4 Nxe4 9. Bxe4 Qc7 10. Qe2 Re8 11. Re1 Kh8 12. Bd3 b6 13. Qe4 f5 14. Qxf5 g6 15. Qf6+ Qg7 16. Qxg7+ Kxg7 17. Bc4 c5 18. dxc5 bxc5 19. Bd5 Rf8 20. Bxa8 Bd7 21. Be4 Bb5 22. Be3 Nd7 23. Rad1 Nf6 24. Bd3 Bc6 25. Be2 1-0

[Event "Eger Agria op 41th"]
[Site "Eger"]
[Date "2017.07.21"]
[Round "7"]
[White "Javorek, Janka"]
[Black "Kiraly, Lilla Virag"]
[Result "1-0"]
[WhiteElo "1525"]
[BlackElo "1241"]
[PlyCount "111"]
[EventDate "2017.07.17"]
[EventType "swiss"]
[EventRounds "9"]
[EventCountry "HUN"]
[SourceTitle "EXT 2020"]
[Source "ChessBase"]
[SourceDate "2019.10.17"]
[SourceVersion "1"]
[SourceVersionDate "2019.10.17"]
[SourceQuality "1"]

1. d4 Nf6 2. c4 e6 3. Nc3 d5 4. Bg5 Be7 5. e3 b6 6. Nf3 Bb7 7. cxd5 exd5 8. Bd3 Nbd7 9. 0-0 0-0 10. Rc1 Ne4 11. Bf4 Re8 12. Nxd5 Bxd5 13. Bxc7 Qc8 14. Bf4 Qd8 15. Bc7 Qc8 16. Qe2 Ndf6 17. Ba6 Qg4 18. Bc4 Ng5 19. Bxd5 Nxd5 20. Bg3 Nxf3+ 21. Qxf3 Qxf3 22. gxf3 Rac8 23. a3 Bf6 24. e4 Bg5 25. Rxc8 Rxc8 26. exd5 Rd8 27. d6 f5 28. Be5 Kf7 29. f4 Bf6 30. Rc1 Ke6 31. Kg2 h6 32. Rc7 a5 33. Rb7 g5 34. Kf3 gxf4 35. Kxf4 Bh4 36. f3 Bg5+ 37. Kg3 Rg8 38. Kf2 Bf6 39. f4 Bd8 40. Rh7 Rg6 41. Kf3 Kd5 42. Rh8 Bf6 43. Bxf6 Rxf6 44. d7 Rd6 45. d8Q Rxd8 46. Rxd8+ Kc4 47. d5 Kb3 48. Rb8 Kxb2 49. Rxb6+ Kxa3 50. Ra6 a4 51. d6 Kb3 52. d7 a3 53. d8Q a2 54. Qc7 Kb2 55. Rb6+ Ka1 56. Qc1# 1-0

[Event "Eger Agria op 41th"]
[Site "Eger"]
[Date "2017.07.18"]
[Round "2"]
[White "Kiraly, Lilla Virag"]
[Black "Hever, Janos"]
[Result "0-1"]
[WhiteElo "1241"]
[BlackElo "1696"]
[PlyCount "114"]
[EventDate "2017.07.17"]
[EventType "swiss"]
[EventRounds "9"]
[EventCountry "HUN"]
[SourceTitle "EXT 2020"]
[Source "ChessBase"]
[SourceDate "2019.10.17"]
[SourceVersion "1"]
[SourceVersionDate "2019.10.17"]
[SourceQuality "1"]

1. d4 Nf6 2. Nf3 d5 3. c3 h6 4. e3 Bf5 5. Bd3 e6 6. Bc2 Bxc2 7. Qxc2 Bd6 8. Nbd2 c6 9. e4 dxe4 10. Nxe4 0-0 11. Be3 Nxe4 12. Qxe4 Nd7 13. 0-0 Nf6 14. Qh4 Nd5 15. Qh3 Bf4 16. Bxf4 Nxf4 17. Qg4 Nd5 18. Rfe1 Rb8 19. Ne5 Nf6 20. Qg3 Qb6 21. Rab1 Rbd8 22. Red1 Rd5 23. Qd3 Rfd8 24. Nf3 e5 25. Nxe5 Rxe5 26. Qg3 Re2 27. b4 Rde8 28. h3 Ne4 29. Qh4 Nxc3 30. Rdc1 Nxb1 31. Rxb1 Qc7 32. Qg3 Qxg3 33. fxg3 Rxa2 34. Rf1 Ree2 35. Rd1 Rxg2+ 36. Kf1 Raf2+ 37. Ke1 Rg1+ 38. Kxf2 Rxd1 39. d5 cxd5 40. b5 a5 41. bxa6 bxa6 42. Ke2 Rd4 43. h4 a5 44. Ke3 Rc4 45. Kd3 Kf8 46. Ke3 Ke7 47. h5 Ke6 48. Kd3 Ke5 49. Ke3 Rc3+ 50. Kd2 d4 51. g4 Ke4 52. Ke2 Rc2+ 53. Kd1 d3 54. Ke1 Ke3 55. Kf1 Re2 56. Kg1 d2 57. Kh1 d1Q# 0-1